Match the world tour to the artists - Statistics

General Stats
  • This quiz has been taken 23 times
  • The average score is 8 of 15
Answer Stats
Hint Answer % Correct
The Eras Tour Taylor Swift
95%
24K Magic World Tour Bruno Mars
84%
Mathematics Tour Ed Sheeran
74%
Farewell Yellow Brick Road Elton John
74%
Born in the U.S.A. Tour Bruce Springsteen
68%
Where We Are Tour One Direction
58%
After Hours til Dawn Tour The Weekend
58%
Summer Carnival P!nk
53%
Renaissance World Tour Beyoncé
42%
Music of The Spheres World Tour Coldplay
42%
A Bigger Bang Tour The Rolling Stones
42%
360° Tour U2
37%
Love On Tour Harry Styles
32%
Sticky & Sweet Tour Madonna
32%
Wildest Dreams Tour Tina Turner
16%
No matching quizzes found
Score Distribution
Percent of People with Each Score
Percentile by Number Answered
Your Score History
You have not taken this quiz